[Event "Helsinki"]
[Site "Helsinki FIN"]
[Date "1989.??.??"]
[Round "4"]
[White "Raaste, Eero J"]
[Black "Pyhala, Antti"]
[Result "1/2-1/2"]
[WhiteElo "2395"]
[BlackElo "2385"]
[PlyCount "74"]
[EventDate "1989.??.??"]
[Source "www.chesslib.no"]
[SourceDate "2004.05.04"]

1. e4 e5 2. Nf3 Nc6 3. d4 exd4 4. Nxd4 Qh4 5. Be3 Nf6 6. Nb5 Bb4+ 7. c3 Ba5 8. Nd2 Ng4 9. Bc5 d6 10. g3 Qe7 11. Be2 Nf6 12. Be3 Nxe4 13. Nxe4 Qxe4 14. Bf3 Qe7 15. O-O O-O 16. Re1 Be6 17. b4 Bb6 18. Bxb6 axb6 19. Nd4 Nxd4 20. cxd4 Qg5 21. Bxb7 Rxa2 22. Rxa2 Bxa2 23. Qc2 Be6 24. Bc6 b5 25. h4 Qh5 26. Qe2 Qxe2 27. Rxe2 g6 28. d5 Bg4 29. Re7 Rc8 30. Bb7 Rb8 31. Rxc7 Re8 32. Kg2 Re4 33. Rc6 Rxb4 34. Rxd6 Kf8 35. Rb6 Bd7 36. d6 Rd4 37. Bc6 Rxd6 1/2-1/2

[Event "CRO Team Ch"]
[Site "Pula CRO"]
[Date "1992.??.??"]
[Round "3"]
[White "Zelcic, Robert"]
[Black "Leventic, Ivan"]
[Result "1/2-1/2"]
[WhiteElo "2380"]
[BlackElo "2400"]
[PlyCount "99"]
[EventDate "1992.??.??"]
[Source "www.chesslib.no"]
[SourceDate "2004.05.04"]

1. e4 e5 2. Nf3 Nc6 3. d4 exd4 4. Nxd4 Qh4 5. Nb5 Bb4+ 6. Bd2 Qxe4+ 7. Be2 Kd8 8. O-O Nf6 9. Bf3 Qh4 10. g3 Qh3 11. Bxb4 Nxb4 12. N1c3 a6 13. Nd4 d6 14. a3 Nc6 15. Bg2 Qg4 16. Nxc6+ bxc6 17. Ne2 Bd7 18. h3 Qc4 19. b3 Qc5 20. c4 Re8 21. Nd4 Ke7 22. b4 Qb6 23. c5 dxc5 24. bxc5 Qxc5 25. Qa4 Kf8 26. Rac1 Qe5 27. Nxc6 Qb2 28. Rb1 Qc3 29. Rfc1 Qd2 30. Rd1 Qc3 31. Rdc1 Qd2 32. Qh4 Bf5 33. Rd1 Qc3 34. Qb4+ Qxb4 35. Rxb4 Be4 36. Bxe4 Rxe4 37. Rxe4 Nxe4 38. Rd7 Nc3 39. Ne5 f6 40. Nd3 a5 41. Nf4 Re8 42. Rxc7 Nb5 43. Rc5 Nxa3 44. Rxa5 Nc4 45. Ra7 Re7 46. Ra8+ Kf7 47. Ra6 Ne5 48. Kg2 Rd7 49. h4 Rd2 50. Ra7+ 1/2-1/2

[Event "22. SEA Games Standard"]
[Site "?"]
[Date "2003.12.11"]
[Round "6"]
[White "Jiravorasuk Banjuab"]
[Black "Barus Cerdas"]
[Result "1-0"]
[WhiteElo "2276"]
[BlackElo "2503"]
[PlyCount "75"]
[EventDate "2003.??.??"]
[Source "www.chesslib.no"]
[SourceDate "2004.05.04"]

1. e4 e5 2. Nf3 Nc6 3. d4 exd4 4. Nxd4 Qh4 5. Nc3 Bb4 6. Qd3 Nf6 7. Ndb5 Ba5 8. g3 Qh5 9. Bf4 d6 10. Be2 Qh3 11. f3 O-O 12. O-O-O Re8 13. Bg5 a6 14. Nd4 Bb6 15. Nb3 Be6 16. Qd2 Nd7 17. Bf1 Qh5 18. g4 Qg6 19. h4 f6 20. Bf4 Qf7 21. Kb1 Rad8 22. h5 h6 23. Nd5 Nce5 24. Be2 c6 25. Nxb6 Nxb6 26. Qb4 Nc8 27. Bc1 Kh8 28. Rdg1 Bc4 29. Bd1 d5 30. f4 Nd7 31. exd5 Bxd5 32. Rh2 b6 33. g5 f5 34. Qc3 Re6 35. Nd4 Rd6 36. gxh6 Rxh6 37. Nxf5 Rh7 38. Rxg7 1-0

[Event "2. World Cities Ch."]
[Site "?"]
[Date "1999.10.08"]
[Round "8"]
[White "Kotsur Pavel"]
[Black "Lochte Thomas"]
[Result "1-0"]
[WhiteElo "2548"]
[BlackElo "2227"]
[PlyCount "89"]
[EventDate "1999.??.??"]
[Source "www.chesslib.no"]
[SourceDate "2004.05.04"]

1. e4 e5 2. Nf3 Nc6 3. d4 exd4 4. Nxd4 Qh4 5. Nb5 Bc5 6. Qe2 Nf6 7. Be3 Bxe3 8. Qxe3 Kd8 9. N1c3 a6 10. g3 Qh6 11. Nd4 Qxe3+ 12. fxe3 Re8 13. Bg2 Nxd4 14. exd4 Nxe4 15. Bxe4 f5 16. O-O fxe4 17. Rf7 d5 18. Rxg7 Be6 19. Rxh7 Rc8 20. Rf1 c5 21. dxc5 Rxc5 22. Rd1 Kc8 23. Kf2 e3+ 24. Ke1 Rf8 25. Re7 Rc6 26. Rd3 Kd8 27. Nxd5 Bxd5 28. Re5 Rxc2 29. Rdxd5+ Kc7 30. Rc5+ Rxc5 31. Rxc5+ Kd6 32. Rc3 Rf2 33. Rxe3 Rxh2 34. Re2 Rh1+ 35. Kf2 b5 36. g4 Kd5 37. Kg2 Ra1 38. a3 Rc1 39. g5 a5 40. Kf3 Rc8 41. Kg4 b4 42. axb4 axb4 43. g6 b3 44. Re3 Rb8 45. Kg5 1-0

[Event "Montpellier-A"]
[Site "Montpellier FRA"]
[Date "1989.??.??"]
[Round "?"]
[White "Pira, Davoud"]
[Black "Klaric, Zlatko"]
[Result "0-1"]
[WhiteElo "2330"]
[BlackElo "2445"]
[PlyCount "120"]
[EventDate "1989.07.??"]
[Source "www.chesslib.no"]
[SourceDate "2004.05.04"]

1. e4 e5 2. Nf3 Nc6 3. d4 exd4 4. Nxd4 Qh4 5. Nb5 Bc5 6. Qe2 Nd4 7. Nxd4 Bxd4 8. g3 Qe7 9. c3 Bc5 10. Bg2 d6 11. O-O Nf6 12. b4 Bb6 13. h3 O-O 14. Qd3 a5 15. Bb2 Be6 16. a3 Nd7 17. Nd2 Ne5 18. Qe2 Qg5 19. c4 Bxh3 20. c5 dxc5 21. bxa5 Bxg2 22. Kxg2 Bxa5 23. Nb3 Bb6 24. f4 Qg4 25. Qc2 Nc6 26. Rh1 Nd4 27. Bxd4 cxd4 28. Rh4 Qd7 29. Qd3 f5 30. Nd2 Rae8 31. e5 Qd5+ 32. Kf2 Re6 33. Rc1 Rc6 34. Rxc6 Qxc6 35. Qc4+ Qxc4 36. Nxc4 Bc5 37. a4 b6 38. Rh1 Ra8 39. Ra1 b5 40. Nb2 d3+ 41. Ke1 Bd4 42. Ra2 Bxb2 43. Rxb2 bxa4 44. Kd2 a3 45. Ra2 Kf7 46. Kxd3 Ke6 47. Kc2 g5 48. Kb1 gxf4 49. gxf4 Ra4 50. Rf2 a2+ 51. Ka1 h5 52. Rf1 h4 53. Rf3 c5 54. Rf1 h3 55. Rf2 Ra8 56. Rh2 Rh8 57. Kxa2 Kd5 58. Rh1 h2 59. Kb3 Ke4 60. e6 Kf3 0-1

[Event "Serpukhov-A"]
[Site "?"]
[Date "2002.??.??"]
[Round "9"]
[White "Averjanov Alexey"]
[Black "Bryzgalin Kirill"]
[Result "0-1"]
[WhiteElo "2376"]
[BlackElo "2396"]
[PlyCount "26"]
[EventDate "2002.??.??"]
[Source "www.chesslib.no"]
[SourceDate "2004.05.04"]

1. e4 e5 2. Nf3 Nc6 3. d4 exd4 4. Nxd4 Qh4 5. Nc3 Bb4 6. Be2 Qxe4 7. Ndb5 Bxc3+ 8. bxc3 Kd8 9. O-O Nf6 10. Bf3 Qe5 11. Rb1 d6 12. Re1 Qf5 13. Bb2 Qxb5 0-1

[Event "Skopje"]
[Site "Skopje MKD"]
[Date "1991.??.??"]
[Round "7"]
[White "Lazic, Miroljub"]
[Black "Mitkov, Nikola"]
[Result "1/2-1/2"]
[WhiteElo "2400"]
[BlackElo "2370"]
[PlyCount "91"]
[EventDate "1991.11.??"]
[Source "www.chesslib.no"]
[SourceDate "2004.05.04"]

1. e4 e5 2. Nf3 Nc6 3. d4 exd4 4. Nxd4 Qh4 5. Nb5 Bc5 6. Qe2 Nf6 7. N1c3 Nd4 8. Nxd4 Bxd4 9. Bd2 O-O 10. g3 Qg4 11. f3 Qe6 12. O-O-O Bxc3 13. Bxc3 Qxa2 14. Qb5 Qe6 15. e5 c6 16. Qc5 b6 17. Qd4 Nd5 18. f4 Bb7 19. Bc4 b5 20. Bxd5 cxd5 21. Rhf1 Rfc8 22. f5 Qh6+ 23. Bd2 Qc6 24. Bc3 a5 25. Qd2 b4 26. Bd4 b3 27. Bc3 bxc2 28. Rde1 Qh6 29. Qxh6 gxh6 30. Rf4 Rc4 31. Rxc4 dxc4 32. Kxc2 Kf8 33. Kd2 f6 34. e6 Ke7 35. exd7+ Kxd7 36. Bxf6 Re8 37. Be5 Bd5 38. Kc3 Kc6 39. Kd4 Bf7 40. g4 Rg8 41. h3 h5 42. Rg1 Rd8+ 43. Ke4 Rd3 44. Rg3 Bd5+ 45. Kf4 Rxg3 46. Kxg3 1/2-1/2

[Event "Naron op"]
[Site "?"]
[Date "1993.??.??"]
[Round "?"]
[White "Strikovic Aleksa"]
[Black "Ferron Garcia Carlos"]
[Result "1-0"]
[WhiteElo "2465"]
[BlackElo "2300"]
[PlyCount "60"]
[EventDate "1993.??.??"]
[Source "www.chesslib.no"]
[SourceDate "2004.05.04"]

1. e4 e5 2. Nf3 Nc6 3. d4 exd4 4. Nxd4 Qh4 5. Nc3 Bb4 6. Be2 Bxc3+ 7. bxc3 Qxe4 8. Nb5 Kd8 9. O-O a6 10. Nd4 Nxd4 11. cxd4 Ne7 12. Bf3 Qg6 13. Re1 d5 14. Ba3 Re8 15. Re5 Be6 16. c4 dxc4 17. d5 Bd7 18. Qe2 Nc8 19. Rxe8+ Bxe8 20. Re1 Bb5 21. Be7+ Ke8 22. a4 Bd7 23. Bh4+ Kf8 24. Qxc4 Qb6 25. Qe4 Qg6 26. Qe5 Qd6 27. Qe3 Bxa4 28. Qe4 Qh6 29. Qxa4 Nd6 30. Qe4 a5 1-0

[Event "It (cat.7)"]
[Site "Alushta (Ukraine)"]
[Date "2007.06.04"]
[Round "4"]
[White "Harutjunyan Gevorg (ARM)"]
[Black "Kovalenko Igor (UKR)"]
[Result "0-1"]
[WhiteElo "2404"]
[BlackElo "2359"]
[PlyCount "52"]
[EventDate "2007.??.??"]
[Source "www.chesslib.no"]
[SourceDate "2004.05.04"]

1. e4 e5 2. Nf3 Nc6 3. d4 exd4 4. Nxd4 Qh4 5. Nb5 Bb4+ 6. c3 Ba5 7. Nd2 a6 8. Na3 Bb6 9. g3 Qf6 10. Qe2 d6 11. Nac4 Ba7 12. Bg2 Nge7 13. O-O h5 14. Ne3 Ne5 15. h4 Bg4 16. f3 Bd7 17. Kh2 g5 18. Nf5 Nxf5 19. exf5 gxh4 20. g4 h3 21. Ne4 Qg7 22. Bg5 Bb5 23. c4 hxg2 24. Kxg2 Bxc4 25. Qc2 hxg4 26. f4 Rh2+ 0-1

[Event "Manchester, NH"]
[Site "?"]
[Date "1999.07.31"]
[Round "2"]
[White "Sevillano Enrico M"]
[Black "Sharp Dale Eugene"]
[Result "1-0"]
[WhiteElo "2556"]
[BlackElo "2200"]
[PlyCount "31"]
[EventDate "1999.??.??"]
[Source "www.chesslib.no"]
[SourceDate "2004.05.04"]

1. e4 e5 2. Nf3 Nc6 3. d4 exd4 4. Nxd4 Qh4 5. Be2 Bc5 6. Be3 Nxd4 7. Bxd4 Bxd4 8. Qxd4 Nf6 9. Nc3 O-O 10. g3 Qh6 11. e5 Nh5 12. Qh4 Qc6 13. O-O-O g6 14. Nd5 Kh8 15. Qe7 Kg7 16. g4 1-0

[Event "Marlboro, MA"]
[Site "?"]
[Date "2001.05.28"]
[Round "5"]
[White "Sevillano Enrico M"]
[Black "Sharp Dale Eugene"]
[Result "1-0"]
[WhiteElo "2543"]
[BlackElo "2212"]
[PlyCount "49"]
[EventDate "2001.??.??"]
[Source "www.chesslib.no"]
[SourceDate "2004.05.04"]

1. e4 e5 2. Nf3 Nc6 3. d4 exd4 4. Nxd4 Qh4 5. Nc3 Bb4 6. Be2 Qxe4 7. Ndb5 Qe5 8. f4 Qc5 9. Nxc7+ Kd8 10. Nxa8 Nf6 11. Kf1 Bxc3 12. bxc3 Ne4 13. Qe1 Nxc3 14. Bb2 Nd5 15. Qf2 Qxc2 16. Bxg7 Rg8 17. Rd1 Qxa2 18. Bf3 Qc4+ 19. Kg1 Nxf4 20. Bf6+ Ne7 21. h4 d5 22. Re1 Be6 23. Qxa7 Qc6 24. Qa3 Re8 25. Qa5+ 1-0

[Event "Gyongyos op"]
[Site "?"]
[Date "1999.??.??"]
[Round "6"]
[White "Vajda Albert"]
[Black "Khamatgaleev Alexej"]
[Result "0-1"]
[WhiteElo "2355"]
[BlackElo "2400"]
[PlyCount "62"]
[EventDate "1999.??.??"]
[Source "www.chesslib.no"]
[SourceDate "2004.05.04"]

1. e4 e5 2. Nf3 Nc6 3. d4 exd4 4. Nxd4 Qh4 5. Nc3 Bb4 6. Ndb5 Ba5 7. Bd3 a6 8. Na3 b5 9. Nab1 Nf6 10. O-O O-O 11. Nd2 Ne5 12. f3 Bb7 13. Qe1 Bb6+ 14. Kh1 Qxe1 15. Rxe1 d5 16. a4 d4 17. Nd1 c5 18. axb5 Nxd3 19. cxd3 axb5 20. Rxa8 Rxa8 21. b4 Nd7 22. Nf2 Ra2 23. bxc5 Nxc5 24. Kg1 Ba5 25. Rd1 Bc3 26. Nb1 b4 27. Bf4 b3 28. Bd6 Na4 29. h4 Ba5 30. Na3 Nc3 31. Rf1 Ba6 0-1

[Event "Dubai op"]
[Site "Dubai"]
[Date "2001.04.25"]
[Round "9"]
[White "Mamedov, Roufat"]
[Black "Abdelnnabi, Imed"]
[Result "1/2-1/2"]
[WhiteElo "2313"]
[BlackElo "2434"]
[PlyCount "101"]
[EventDate "2001.04.15"]
[Source "ChessBase"]
[SourceDate "2001.07.05"]

1. e4 e5 2. Nf3 Nc6 3. d4 exd4 4. Nxd4 Qh4 5. Nb5 Bc5 6. Qe2 Nd4 7. Nxd4 Bxd4 8. g3 Qe7 9. Bg2 d6 10. Nd2 Nf6 11. Nb3 Bb6 12. Bg5 Qe5 13. Bf4 Qe7 14. O-O O-O 15. h3 Re8 16. Rfe1 Bd7 17. Qd3 Bc6 18. e5 Nh5 19. Be3 dxe5 20. Bxc6 bxc6 21. c4 Rad8 22. Qe4 Bxe3 23. Rxe3 Qe6 24. Rae1 Nf6 25. Qh4 Qd6 26. g4 h6 27. Qg3 Qb4 28. Rc3 Re6 29. Qe3 a5 30. Qc5 Ra8 31. a4 e4 32. Rce3 Rb8 33. Qxb4 Rxb4 34. Nd4 Rd6 35. Nf5 Rd2 36. b3 Kh7 37. f3 Rd3 38. fxe4 Rbxb3 39. Rxd3 Rxd3 40. e5 Ng8 41. e6 fxe6 42. Rxe6 g6 43. Ne3 Kg7 44. Kf2 Rd6 45. Re5 Nf6 46. Kf3 Rd2 47. Rxa5 Rh2 48. Kg3 Re2 49. Kf3 Rh2 50. Kg3 Re2 51. Kf3 1/2-1/2

[Event "New Delhi IND"]
[Site "New Delhi IND"]
[Date "1987.??.??"]
[Round "?"]
[White "Sahu, Sekhar Chandra"]
[Black "Ravisekhar, Raja"]
[Result "1/2-1/2"]
[WhiteElo "2380"]
[BlackElo "2365"]
[PlyCount "33"]
[EventDate "1987.??.??"]
[Source "www.chesslib.no"]
[SourceDate "2004.05.04"]

1. e4 e5 2. Nf3 Nc6 3. d4 exd4 4. Nxd4 Qh4 5. Nf3 Qxe4+ 6. Be2 Bb4+ 7. c3 Bc5 8. O-O Nge7 9. Bd3 Qg4 10. b4 Bd6 11. Na3 Ne5 12. Nb5 Nxf3+ 13. Qxf3 Qxf3 14. gxf3 Ng6 15. Nxd6+ cxd6 16. Re1+ Kd8 17. Bxg6 1/2-1/2

[Event "Reggio Emilia 8889-B"]
[Site "Reggio Emilia ITA"]
[Date "1988.??.??"]
[Round "9"]
[White "Landenbergue, Claude"]
[Black "Bukal, Vladimir sr"]
[Result "1-0"]
[WhiteElo "2325"]
[BlackElo "2415"]
[PlyCount "59"]
[EventDate "1988.12.??"]
[Source "www.chesslib.no"]
[SourceDate "2004.05.04"]

1. e4 e5 2. Nf3 Nc6 3. d4 exd4 4. Nxd4 Qh4 5. Nc3 Bb4 6. Ndb5 Ba5 7. Be2 a6 8. Nd4 Qxe4 9. Nxc6 dxc6 10. O-O Qh4 11. Re1 Be6 12. Bh5 g6 13. Bg4 Nf6 14. Bxe6 fxe6 15. Rxe6+ Kf7 16. g3 Qh3 17. Rxf6+ Kxf6 18. Ne4+ Ke7 19. Qd4 Qf5 20. Qg7+ Ke6 21. Ng5+ Kd5 22. Be3 c5 23. b4 Bxb4 24. Qxc7 Rhf8 25. c4+ Kxc4 26. Rc1+ Kb5 27. Qxb7+ Ka4 28. Ne4 a5 29. Nxc5+ Ka3 30. Qb5 1-0

[Event "Jyvaskyla Open"]
[Site "Jyvaskyla FIN"]
[Date "1993.??.??"]
[Round "8"]
[White "Raaste, Eero J"]
[Black "Wegner, Hannu"]
[Result "0-1"]
[WhiteElo "2350"]
[BlackElo "2390"]
[PlyCount "132"]
[EventDate "1993.07.??"]
[Source "www.chesslib.no"]
[SourceDate "2004.05.04"]

1. e4 e5 2. Nf3 Nc6 3. d4 exd4 4. Nxd4 Qh4 5. Nc3 Bb4 6. Ndb5 Qxe4+ 7. Be2 Bxc3+ 8. bxc3 Kd8 9. O-O Nf6 10. Ba3 Re8 11. Bf3 Qa4 12. Rb1 Ne5 13. Re1 Nxf3+ 14. Qxf3 Rxe1+ 15. Rxe1 d6 16. Qg3 Qxb5 17. Qxg7 Ne8 18. Qxf7 Bd7 19. c4 Qg5 20. h4 Qg6 21. Qf8 Bc6 22. f3 b6 23. c5 bxc5 24. Bxc5 Qxc2 25. Bd4 Rb8 26. Bf6+ Kc8 27. Rxe8+ Bxe8 28. Qxe8+ Kb7 29. Qb5+ Ka8 30. Qd5+ c6 31. Qxd6 Rg8 32. Bg5 Qg6 33. Qxg6 hxg6 34. g4 c5 35. Kf2 Kb7 36. Bf6 Kc6 37. h5 gxh5 38. gxh5 Rf8 39. Bg7 Rf5 40. h6 Rh5 41. Kg3 Rh1 42. Kf4 Kd5 43. Kf5 c4 44. f4 c3 45. Bxc3 Rxh6 46. Bb4 Rb6 47. a3 Rb5 48. Bf8 Kd4+ 49. Ke6 Ke4 50. Bd6 Rh5 51. Be5 Rh6+ 52. Kd7 Kd5 53. Kc7 Rh7+ 54. Kb8 Rf7 55. Kc8 a6 56. a4 Rh7 57. Kb8 Rd7 58. Kc8 Kc6 59. Kb8 Rf7 60. a5 Rb7+ 61. Kc8 Rd7 62. Kb8 Rf7 63. Ka8 Kb5 64. Kb8 Kxa5 65. Kc8 Kb5 66. Kd8 Kc6 0-1

[Event "Corr"]
[Site "?"]
[Date "1999.09.20"]
[Round "?"]
[White "Cleto Junior Dirceu (BRS)"]
[Black "Moreira Jose Americo Paiva"]
[Result "1/2-1/2"]
[WhiteElo "2366"]
[BlackElo "2374"]
[PlyCount "101"]
[EventDate "1999.??.??"]
[Source "www.chesslib.no"]
[SourceDate "2004.05.04"]

1. e4 e5 2. Nf3 Nc6 3. d4 exd4 4. Nxd4 Qh4 5. Nc3 Bb4 6. Be2 Qxe4 7. Ndb5 Bxc3+ 8. bxc3 Kd8 9. O-O Nf6 10. Be3 Re8 11. Re1 d6 12. Bf3 Qc4 13. Rb1 Ne5 14. Be2 Qe6 15. a3 a6 16. Nd4 Qd5 17. Bg5 b5 18. a4 Bb7 19. Bf1 bxa4 20. c4 Nxc4 21. Bxf6+ gxf6 22. Rxe8+ Kxe8 23. Rxb7 Qxb7 24. Bxc4 Qe4 25. Bd3 Qd5 26. c3 a3 27. Qa4+ Kf8 28. Qxa3 c5 29. Qa5 Re8 30. Bf1 Re1 31. Nf3 Rc1 32. Qxa6 Kg7 33. Qe2 Qd1 34. Qxd1 Rxd1 35. Nh4 d5 36. Nf5+ Kg6 37. Ne3 Rd2 38. g3 f5 39. Bg2 d4 40. cxd4 cxd4 41. Nd5 Rc2 42. Kf1 Kg7 43. Ke1 Rb2 44. h4 Kg6 45. Bf3 Rb1+ 46. Bd1 Rb5 47. Ne7+ Kf6 48. Nc6 d3 49. Kd2 Rb2+ 50. Kxd3 Rxf2 51. Ke3 1/2-1/2

[Event "HUN-chT2 9697"]
[Site "?"]
[Date "1996.??.??"]
[Round "2"]
[White "Sax Gyula"]
[Black "Menyhart Tibor"]
[Result "1-0"]
[WhiteElo "2525"]
[BlackElo "2210"]
[PlyCount "95"]
[EventDate "1996.??.??"]
[Source "www.chesslib.no"]
[SourceDate "2004.05.04"]

1. e4 e5 2. Nf3 Nc6 3. d4 exd4 4. Nxd4 Qh4 5. Nb5 Bb4+ 6. N1c3 Ba5 7. Bd3 a6 8. Na3 Bxc3+ 9. bxc3 b5 10. O-O Nf6 11. e5 Ng4 12. Bf4 h5 13. f3 Qe7 14. fxg4 Qxa3 15. gxh5 Bb7 16. c4 O-O-O 17. cxb5 axb5 18. Rb1 Qc5+ 19. Rf2 b4 20. Be4 f6 21. exf6 gxf6 22. h6 d5 23. Bf5+ Kb8 24. Qd2 Rde8 25. Re1 Ne5 26. Rb1 Nc6 27. Rb3 Nd4 28. Bg6 Re2 29. Qd1 Rxf2 30. Be3 Re2 31. Bxd4 Qe7 32. Rb1 c5 33. Bf2 Rxh6 34. Bd3 Re6 35. Qg4 Rh8 36. Bf5 Re2 37. Bd3 Re6 38. Bf5 Re2 39. Bd3 Re6 40. h4 Ka8 41. a3 Bc8 42. Qf3 Bb7 43. axb4 d4 44. Ra1+ Kb8 45. Bg3+ Kc8 46. Ra8+ Bxa8 47. Qxa8+ Kd7 48. Bb5+ 1-0

[Event "SLO Ch"]
[Site "Slovenia"]
[Date "1991.??.??"]
[Round "?"]
[White "Mencinger, Vojko"]
[Black "Osterman, Rudolf"]
[Result "1/2-1/2"]
[WhiteElo "2365"]
[BlackElo "2370"]
[PlyCount "34"]
[EventDate "1991.??.??"]
[Source "www.chesslib.no"]
[SourceDate "2004.05.04"]

1. e4 e5 2. Nf3 Nc6 3. d4 exd4 4. Nxd4 Qh4 5. Nc3 Bb4 6. Be2 Nge7 7. O-O Bxc3 8. bxc3 Qxe4 9. Bf3 Qg6 10. Re1 Kd8 11. Bh5 Qf6 12. Bxf7 d6 13. Nxc6+ bxc6 14. Bh5 Bd7 15. Rb1 Rf8 16. Be3 Nd5 17. Bd4 Qg5 1/2-1/2

[Event "Helsinki We G"]
[Site "?"]
[Date "1996.??.??"]
[Round "3"]
[White "Rytshagov Mikhail"]
[Black "Kiltti Jyrki"]
[Result "1-0"]
[WhiteElo "2495"]
[BlackElo "2235"]
[PlyCount "39"]
[EventDate "1996.??.??"]
[Source "www.chesslib.no"]
[SourceDate "2004.05.04"]

1. e4 e5 2. Nf3 Nc6 3. d4 exd4 4. Nxd4 Qh4 5. Nc3 Bb4 6. Be2 Nf6 7. O-O Bxc3 8. bxc3 O-O 9. f3 d5 10. Nxc6 bxc6 11. e5 Nd7 12. f4 Rb8 13. Be3 Nb6 14. f5 Qe4 15. Bd4 Na4 16. Qd2 Rb2 17. Bd3 Qh4 18. Rf4 Qg5 19. Be3 Nb6 20. Rb4 1-0

[Event "Tula-B"]
[Site "?"]
[Date "2000.??.??"]
[Round "7"]
[White "Boe Olsen Mads"]
[Black "Gavritenkov Sergei"]
[Result "1-0"]
[WhiteElo "2379"]
[BlackElo "2350"]
[PlyCount "67"]
[EventDate "2000.??.??"]
[Source "www.chesslib.no"]
[SourceDate "2004.05.04"]

1. e4 e5 2. Nf3 Nc6 3. d4 exd4 4. Nxd4 Qh4 5. Nc3 Bb4 6. Ndb5 Qxe4+ 7. Be2 Bxc3+ 8. bxc3 Kd8 9. O-O a6 10. Nd4 Nxd4 11. cxd4 Nf6 12. c4 d6 13. c5 d5 14. Bf3 Bg4 15. Bxg4 Qxg4 16. f3 Qd7 17. Rb1 Rb8 18. Qd3 Qc6 19. Bf4 Nh5 20. Bd2 Nf6 21. Qf5 h6 22. Bf4 Qe6 23. Qc2 Qc6 24. Be5 Re8 25. Rfe1 b5 26. Qf5 Re6 27. Bxf6+ gxf6 28. Qh7 Qe8 29. Rxe6 fxe6 30. Qg7 f5 31. Re1 Rc8 32. c6 f4 33. Qf6+ Qe7 34. Qxh6 1-0

[Event "Araraqua tt"]
[Site "?"]
[Date "1999.??.??"]
[Round "4"]
[White "De Souza Mauro Guimaraes"]
[Black "Loureiro Luiz"]
[Result "1/2-1/2"]
[WhiteElo "2363"]
[BlackElo "2365"]
[PlyCount "37"]
[EventDate "1999.??.??"]
[Source "www.chesslib.no"]
[SourceDate "2004.05.04"]

1. e4 e5 2. Nf3 Nc6 3. d4 exd4 4. Nxd4 Qh4 5. Nc3 Bb4 6. Ndb5 Ba5 7. Be3 Nf6 8. Bd3 O-O 9. Qd2 a6 10. Nd4 Nxd4 11. Bxd4 Nxe4 12. Bxe4 Bxc3 13. Qxc3 Qxe4+ 14. Kf1 f6 15. Re1 Qd5 16. Re7 Rf7 17. Re8+ Rf8 18. Re7 Rf7 19. Re8+ 1/2-1/2

[Event "BUL Ch"]
[Site "Bulgaria"]
[Date "1988.??.??"]
[Round "?"]
[White "Radulov, Ivan G"]
[Black "Tsvetkov, Ilia"]
[Result "1/2-1/2"]
[WhiteElo "2435"]
[BlackElo "2285"]
[PlyCount "20"]
[EventDate "1988.08.??"]
[Source "www.chesslib.no"]
[SourceDate "2004.05.04"]

1. e4 e5 2. Nf3 Nc6 3. d4 exd4 4. Nxd4 Qh4 5. Nb5 Bc5 6. Qe2 Nf6 7. N1c3 Nd4 8. Nxd4 Bxd4 9. Nb5 Bb6 10. Be3 Ba5+ 1/2-1/2

[Event "Abierto Open"]
[Site "Abierto"]
[Date "1994.??.??"]
[Round "5"]
[White "Nunez Vallina, Jose Antonio"]
[Black "Ferron Garcia, Carlos"]
[Result "0-1"]
[WhiteElo "2375"]
[BlackElo "2345"]
[PlyCount "24"]
[EventDate "1994.??.??"]
[Source "www.chesslib.no"]
[SourceDate "2004.05.04"]

1. e4 e5 2. Nf3 Nc6 3. d4 exd4 4. Nxd4 Qh4 5. Qd3 Bc5 6. c3 Nf6 7. Nd2 Ng4 8. g3 Qf6 9. f3 Bxd4 10. cxd4 Nb4 11. Qc3 Ne3 12. Kf2 Nd1+ 0-1

[Event "XII European Maccabi Games"]
[Site "Roma ITA"]
[Date "2007.07.10"]
[Round "5.2"]
[White "Khukhashvili, Sopiko"]
[Black "Davidov, Samir"]
[Result "0-1"]
[WhiteElo "2392"]
[BlackElo "2326"]
[PlyCount "146"]
[EventDate "2007.07.05"]
[Source "www.chesslib.no"]
[SourceDate "2004.05.04"]

1. e4 e5 2. Nf3 Nc6 3. d4 exd4 4. Nxd4 Qh4 5. Nb5 Bc5 6. Qf3 Nf6 7. g3 Qxe4+ 8. Qxe4+ Nxe4 9. Bg2 Kd8 10. Bxe4 Re8 11. N1c3 a6 12. Nxc7 Kxc7 13. Bf4+ d6 14. O-O-O f5 15. Bg2 Ne5 16. b4 Bxf2 17. Rhf1 Ba7 18. b5 Be6 19. bxa6 bxa6 20. Bxa8 Rxa8 21. Nd5+ Kc6 22. Nb4+ Kc7 23. Rfe1 Bc5 24. Bxe5 dxe5 25. Rxe5 Bxb4 26. Rxe6 a5 27. Rd5 g6 28. a4 Rf8 29. Rd4 g5 30. Re2 Kc6 31. Re6+ Kc5 32. Red6 f4 33. gxf4 gxf4 34. R4d5+ Kc4 35. Rd8 Rf6 36. Rd1 f3 37. Rc8+ Bc5 38. Rf1 f2 39. Kd2 Rd6+ 40. Ke2 Re6+ 41. Kd2 Rd6+ 42. Ke2 Re6+ 43. Kf3 Re3+ 44. Kg2 Re2 45. c3 Ra2 46. h4 h6 47. Kg3 Rd2 48. Kg4 Re2 49. Kh5 Kd5 50. Kxh6 Be3+ 51. Kg6 Re1 52. Rd8+ Ke4 53. Rxf2 Bxf2 54. h5 Rg1+ 55. Kf7 Be3 56. Ra8 Rg5 57. h6 Rh5 58. c4 Bd2 59. Kg7 Bc3+ 60. Kg6 Rh3 61. Rd8 Rg3+ 62. Kf7 Rf3+ 63. Kg6 Rf6+ 64. Kg5 Rf7 65. Rc8 Ra7 66. c5 Kd5 67. Rd8+ Kxc5 68. Kg6 Ra6+ 69. Kh5 Rd6 70. Rb8 Bd2 71. Rb2 Rxh6+ 72. Kg4 Bc3 73. Rb5+ Kc4 0-1

[Event "CUB-ch sf"]
[Site "?"]
[Date "2000.??.??"]
[Round "?"]
[White "Garcia Osmel"]
[Black "Gomez Felix"]
[Result "1/2-1/2"]
[WhiteElo "2304"]
[BlackElo "2414"]
[PlyCount "71"]
[EventDate "2000.??.??"]
[Source "www.chesslib.no"]
[SourceDate "2004.05.04"]

1. e4 e5 2. Nf3 Nc6 3. d4 exd4 4. Nxd4 Qh4 5. Be2 Bc5 6. Be3 Bxd4 7. Bxd4 Qxe4 8. Bc3 Nge7 9. O-O O-O 10. Nd2 Qg6 11. Bd3 Qh6 12. Ne4 d5 13. Bd2 Qg6 14. Ng3 Qg4 15. f3 Qd4+ 16. Kh1 Be6 17. f4 f5 18. Nh5 Qc5 19. b4 Qd6 20. Qe1 a6 21. a4 d4 22. c4 Bf7 23. Ng3 Rfe8 24. Qb1 g6 25. Ne2 Qf6 26. Qb2 Rad8 27. Ng1 Nc8 28. b5 Nb8 29. c5 axb5 30. axb5 Nd7 31. Rac1 Ne7 32. Nf3 b6 33. cxb6 cxb6 34. Bc4 Nc5 35. Ne5 Bxc4 36. Rxc4 1/2-1/2

[Event "CSR Ch"]
[Site "Bratislava SVK"]
[Date "1991.??.??"]
[Round "4"]
[White "Rasik, Vitezslav"]
[Black "Sarkozy, Ladislav"]
[Result "1/2-1/2"]
[WhiteElo "2410"]
[BlackElo "2300"]
[PlyCount "108"]
[EventDate "1991.??.??"]
[Source "www.chesslib.no"]
[SourceDate "2004.05.04"]

1. e4 e5 2. Nf3 Nc6 3. d4 exd4 4. Nxd4 Qh4 5. Nb5 Qxe4+ 6. Be2 Bb4+ 7. N1c3 Bxc3+ 8. bxc3 Kd8 9. O-O Nf6 10. Rb1 a6 11. Bf3 Qf5 12. Nd4 Nxd4 13. Qxd4 Re8 14. Be3 Qe5 15. Qh4 h6 16. Rfd1 Re6 17. Qb4 d6 18. c4 a5 19. Qa3 Ne4 20. Rd4 f5 21. Rd3 Qf6 22. c5 Ra6 23. Rbd1 Ke8 24. cxd6 Rexd6 25. Bf4 Rxd3 26. cxd3 Nd6 27. Re1+ Kf8 28. Be5 Qf7 29. Qc5 Be6 30. Bxb7 Rb6 31. Bc6 Qe7 32. g3 Ne8 33. Qc3 Qb4 34. Bxe8 Qxc3 35. Bxc3 Kxe8 36. Bxa5 Ra6 37. Bxc7 Kf7 38. Be5 Rxa2 39. Rc1 g5 40. Rc7+ Kg6 41. Rc6 Kf7 42. Kf1 g4 43. Ke1 Ke7 44. Rd6 h5 45. Bf4 Rb2 46. Rd4 Rb1+ 47. Ke2 Rh1 48. Bg5+ Kf7 49. Rd8 Rxh2 50. d4 Bc4+ 51. Ke3 Rh1 52. d5 Rd1 53. Kf4 Rxd5 54. Rxd5 Bxd5 1/2-1/2

[Event "Memorial V.Doroshkevich (open)"]
[Site "Belorechensk (Russia)"]
[Date "2007.05.29"]
[Round "1"]
[White "Tseshkovsky Vitaly (RUS)"]
[Black "Shvyriaev Artem (UKR)"]
[Result "1-0"]
[WhiteElo "2517"]
[BlackElo "2190"]
[PlyCount "63"]
[EventDate "2007.??.??"]
[Source "www.chesslib.no"]
[SourceDate "2004.05.04"]

1. e4 e5 2. Nf3 Nc6 3. d4 exd4 4. Nxd4 Qh4 5. Nb5 Bb4+ 6. c3 Qxe4+ 7. Be3 Ba5 8. Nd2 Qe7 9. Nc4 a6 10. Nd4 Bb6 11. Nf5 Qf6 12. Nxb6 cxb6 13. Nd6+ Kf8 14. Bc4 Ne5 15. Bb3 Nh6 16. Bxb6 Nf5 17. Bc5 Kg8 18. Qd5 Nxd6 19. Bxd6 Nc6 20. O-O b5 21. Rfe1 Bb7 22. Re3 Na5 23. Rae1 h5 24. Qd3 g6 25. Be5 Qc6 26. f3 Rh7 27. Bd4 Kf8 28. Re7 Nxb3 29. axb3 h4 30. Qe3 d6 31. Qf4 h3 32. Rxf7+ 1-0